[Event "World Youth U16 Olympiad"]
[Site "Gyor HUN"]
[Date "2014.12.14"]
[Round "2.26"]
[Board "3"]
[White "Gluckman, Paul"]
[Black "Gedajlovic, Max"]
[Result "0-1"]
[WhiteTitle "FM"]
[WhiteElo "1696"]
[BlackElo "2104"]
[WhiteTeam "South Africa 2"]
[BlackTeam "Canada 3"]
[WhiteFideId "14309513"]
[BlackFideId "2616840"]
[EventDate "2014.12.13"]

1. e4 c5 2. Nf3 e6 3. d4 cxd4 4. Nxd4 Nc6 5. Be3 a6 6. Be2 Qc7 7. O-O Nf6 8. Nd2
Be7 9. c3 O-O 10. f4 b5 11. Bf3 Bb7 12. e5 Ne8 13. Be4 f5 14. Bd3 g6 15. N2f3
Rf7 16. Qe1 Rg7 17. Qg3 Na5 18. a4 Nc4 19. Bc1 bxa4 20. Rxa4 Nb6 21. Ra1 Nd5 22.
Kh1 Nxc3 23. Be3 Ne4 24. Qh3 Qb8 25. Bc4 Nc7 26. Rfd1 Nd5 27. Bc1 0-1

[Event "World Youth U16 Olympiad"]
[Site "Gyor HUN"]
[Date "2014.12.14"]
[Round "2.26"]
[Board "4"]
[White "Peng, Janet"]
[Black "Marx, Inge"]
[Result "0-1"]
[WhiteElo "1694"]
[BlackElo "1524"]
[WhiteTeam "Canada 3"]
[BlackTeam "South Africa 2"]
[WhiteFideId "2609827"]
[BlackFideId "14306271"]
[EventDate "2014.12.13"]

1. d4 Nf6 2. Nf3 c5 3. c3 b6 4. Bf4 Bb7 5. e3 g6 6. Be2 Bg7 7. h3 O-O 8. O-O d6
9. Nbd2 a6 10. Qc2 Nc6 11. Rac1 b5 12. Rfd1 Qb6 13. b3 Rfc8 14. Qb1 a5 15. Bh2
cxd4 16. cxd4 Nb4 17. Qb2 Ne4 18. a3 Nxd2 19. Qxd2 Nd5 20. Ng5 b4 21. a4 Nc3 22.
Re1 h6 23. Nf3 Bd5 24. Bd1 Qb7 25. Ra1 Ne4 26. Qd3 Rc3 27. Qb1 Rac8 28. Qb2 Rd3
29. Be2 Rxb3 30. Qa2 Ra3 31. Qb2 Rb3 32. Qa2 Rbc3 33. Qb1 Rc2 34. Ra2 Rxa2 0-1

[Event "World Youth U16 Olympiad"]
[Site "Gyor HUN"]
[Date "2014.12.14"]
[Round "2.27"]
[Board "1"]
[White "Buzas, Bertalan"]
[Black "Abdulla, Murad"]
[Result "1/2-1/2"]
[WhiteElo "2109"]
[BlackElo "1958"]
[WhiteTeam "Transdanubium West"]
[BlackTeam "Scotland"]
[WhiteFideId "751820"]
[BlackFideId "2403757"]
[EventDate "2014.12.13"]

1. d4 Nf6 2. Nf3 g6 3. g3 Bg7 4. Bg2 O-O 5. O-O d5 6. c4 Nc6 7. Ne5 Nxe5 8. dxe5
Ng4 9. cxd5 Nxe5 10. Nc3 c6 11. Qb3 cxd5 12. Bxd5 e6 13. Bg2 Qa5 14. Ne4 Qa6 15.
Re1 Bd7 16. Nc5 Qa5 17. Be3 Bc6 18. Nxb7 Bxb7 19. Qxb7 Nc4 20. b4 Qa3 21. Bc5
Bxa1 22. Bxf8 Rxf8 23. Rxa1 Qb2 24. Re1 Qd2 25. Rf1 Qxa2 26. Rc1 Nb6 27. Qe4 Nd5
28. Bh3 Qb2 29. Rb1 Qf6 30. Rb3 Nc3 31. Qc4 Nd5 32. Ra3 Qe7 33. Qc5 Qxc5 34.
bxc5 Rc8 35. Ra5 Rc7 36. Bg2 Nc3 37. e3 Kf8 38. h4 h5 39. f3 Nd1 40. e4 Ne3 41.
Bf1 Nc2 42. Kf2 Nd4 43. Bc4 Nc6 44. Rb5 Ne5 45. Be2 Nd7 46. c6 Rxc6 47. Rb7 Nc5
48. Rxa7 Nb3 49. Ra3 Nd4 50. Ra8+ 1/2-1/2

[Event "World Youth U16 Olympiad"]
[Site "Gyor HUN"]
[Date "2014.12.14"]
[Round "2.27"]
[Board "2"]
[White "Koehn, Lennart"]
[Black "Acs, Marton"]
[Result "1/2-1/2"]
[WhiteElo "1846"]
[BlackElo "1969"]
[WhiteTeam "Scotland"]
[BlackTeam "Transdanubium West"]
[WhiteFideId "12938041"]
[BlackFideId "765139"]
[EventDate "2014.12.13"]

1. e4 c6 2. d4 d5 3. Nc3 dxe4 4. Nxe4 Bf5 5. Ng3 Bg6 6. h4 h6 7. Nf3 Nd7 8. h5
Bh7 9. Bd3 Bxd3 10. Qxd3 e6 11. Bd2 Ngf6 12. c4 Be7 13. O-O-O O-O 14. Ne4 Nxe4
15. Qxe4 Nf6 16. Qe2 b5 17. g4 Nh7 18. Ne5 Rc8 19. Be3 bxc4 20. Qxc4 Qb6 21. Rd3
Qb5 22. Rhd1 Rfd8 23. Kb1 Rd5 24. Qxb5 cxb5 25. Rc1 Rxc1+ 26. Kxc1 Bf6 27. Rc3
Ng5 28. Rc8+ Rd8 29. Rc5 a6 30. Rc6 Ra8 31. Nd7 Nf3 32. Nxf6+ gxf6 33. d5 exd5
34. Rxf6 Ne5 35. f3 Rc8+ 36. Kd1 a5 37. Bd4 Nc6 38. Be3 Ne5 39. Bxh6 Nd3 40. b3
Nb4 41. a3 Nc2 42. a4 Nd4 43. axb5 Nxb5 44. Ra6 Rc3 45. Rxa5 Rxb3 46. Bd2 Nd4
47. Rxd5 Nxf3 48. Ke2 Nxd2 49. Kxd2 Rg3 50. g5 Rh3 51. h6 f6 52. h7+ 1/2-1/2

[Event "World Youth U16 Olympiad"]
[Site "Gyor HUN"]
[Date "2014.12.14"]
[Round "2.27"]
[Board "4"]
[White "Milton, Anna"]
[Black "Bakos, Balazs"]
[Result "0-1"]
[WhiteElo "1547"]
[BlackElo "1695"]
[WhiteTeam "Scotland"]
[BlackTeam "Transdanubium West"]
[WhiteFideId "2404419"]
[BlackFideId "765147"]
[EventDate "2014.12.13"]

1. d4 Nf6 2. c4 c5 3. d5 e6 4. Nc3 exd5 5. cxd5 d6 6. Nf3 g6 7. Bf4 a6 8. a4 Bg7
9. h3 O-O 10. Nd2 Re8 11. e3 Nh5 12. Bh2 Be5 13. Bxe5 Rxe5 14. Be2 Nf6 15. Nc4
Re8 16. Bd3 Qc7 17. O-O Nbd7 18. Qb3 Rb8 19. e4 Ne5 20. Nxe5 Rxe5 21. Rfe1 Bd7
22. a5 Rc8 23. Bc4 Rce8 24. Bd3 Qc8 25. Re3 c4 26. Bxc4 Nxe4 27. Nxe4 Rxe4 28.
Rxe4 Rxe4 29. Rc1 Bb5 30. Qa3 Rxc4 31. Rxc4 Qxc4 32. Qxd6 Qc8 33. b4 g5 34. Qc5
Qxc5 35. bxc5 Kf8 36. g3 Bc4 37. d6 Bd5 38. f4 gxf4 39. gxf4 Bc6 40. Kf2 Ke8 41.
Ke3 Kd7 42. Kd4 Ke6 43. h4 Kf5 44. Ke3 h5 45. Kd4 Kxf4 46. Kd3 Ke5 47. Kc3 Kd5
48. Kb4 f5 0-1

[Event "World Youth U16 Olympiad"]
[Site "Gyor HUN"]
[Date "2014.12.14"]
[Round "3.1"]
[Board "1"]
[White "Asgarizadeh, Ahmad"]
[Black "Ghosh, Diptayan"]
[Result "0-1"]
[BlackTitle "IM"]
[WhiteElo "2371"]
[BlackElo "2516"]
[WhiteTeam "Iran"]
[BlackTeam "India"]
[WhiteFideId "12505684"]
[BlackFideId "5045207"]
[EventDate "2014.12.13"]

1. e4 e5 2. Nf3 Nc6 3. Bc4 Nf6 4. d3 Be7 5. O-O d6 6. a4 O-O 7. Re1 Be6 8. Nbd2
Qd7 9. c3 Rae8 10. b4 h6 11. Qc2 Nd8 12. Ba3 Bxc4 13. Nxc4 Ne6 14. Ne3 Nh7 15.
d4 exd4 16. Nxd4 Bg5 17. b5 Bxe3 18. Rxe3 Nxd4 19. cxd4 f5 20. exf5 Rxe3 21.
fxe3 Rxf5 22. Rc1 Rf7 23. h3 Ng5 24. h4 Qe6 25. Qd3 Nf3+ 26. Kh1 Qg4 0-1

[Event "World Youth U16 Olympiad"]
[Site "Gyor HUN"]
[Date "2014.12.14"]
[Round "3.1"]
[Board "2"]
[White "Karthikeyan, Murali"]
[Black "Tabatabaei, M.amin"]
[Result "1/2-1/2"]
[WhiteTitle "IM"]
[BlackTitle "FM"]
[WhiteElo "2497"]
[BlackElo "2363"]
[WhiteTeam "India"]
[BlackTeam "Iran"]
[WhiteFideId "5074452"]
[BlackFideId "12521213"]
[EventDate "2014.12.13"]

1. e4 e5 2. Nf3 Nc6 3. Bb5 Nf6 4. d3 Bc5 5. c3 O-O 6. O-O d6 7. Bg5 h6 8. Bh4
Bd7 9. d4 Bb6 10. dxe5 Nxe5 11. Nxe5 Bxb5 12. Ng4 Bxf1 13. Bxf6 Qd7 14. Kxf1 h5
15. Nh6+ gxh6 16. Qxh5 Kh7 17. Nd2 Qe6 18. Qf3 Rg8 19. e5 dxe5 20. Ne4 Rg6 21.
Rd1 Rag8 22. g3 Qh3+ 23. Kg1 Qg4 24. Kg2 Qxf3+ 25. Kxf3 Re8 26. g4 Re6 27. Bd8
f6 28. h4 c6 29. h5 Rg7 30. Bxb6 axb6 31. Ng3 Ree7 32. Rd6 Rd7 33. Rxf6 Rgf7 34.
Rxf7+ Rxf7+ 35. Nf5 Rd7 36. Ke2 b5 37. f3 c5 38. a3 b6 39. Ne3 Rd8 40. c4 bxc4
41. Nxc4 b5 42. Nxe5 c4 43. f4 Rd4 44. Ke3 Rd1 45. g5 hxg5 46. fxg5 Rb1 47. Nf3
Rxb2 48. Nd4 Kg8 49. g6 Rh2 50. Nxb5 Rxh5 51. Nc3 Rh4 52. a4 Kg7 53. a5 Rh5 54.
Kd4 Rxa5 55. Kxc4 Kxg6 56. Kb4 Ra8 57. Kc4 Kf5 58. Kd4 Rd8+ 59. Ke3 Ke5 60. Ne2
Ra8 61. Nc3 Rd8 62. Ne2 Kd5 63. Nc3+ Kc4 64. Ne4 Re8 65. Kf4 Kd4 66. Nf6 Re1 67.
Kf5 Rf1+ 68. Ke6 Re1+ 69. Kf5 Rf1+ 70. Ke6 Re1+ 1/2-1/2

[Event "World Youth U16 Olympiad"]
[Site "Gyor HUN"]
[Date "2014.12.14"]
[Round "3.1"]
[Board "3"]
[White "Maghsoodloo, Parham"]
[Black "Aravindh, Chithambaram VR."]
[Result "0-1"]
[BlackTitle "IM"]
[WhiteElo "2415"]
[BlackElo "2476"]
[WhiteTeam "Iran"]
[BlackTeam "India"]
[WhiteFideId "12539929"]
[BlackFideId "5072786"]
[EventDate "2014.12.13"]

1. c4 Nf6 2. Nf3 e6 3. e3 d5 4. Nc3 Be7 5. b3 c5 6. cxd5 exd5 7. Bb5+ Nc6 8. O-O
O-O 9. d4 Bg4 10. Be2 Ne4 11. Bb2 Bf6 12. Nxe4 dxe4 13. Ne5 Bxe5 14. dxe5 Qxd1
15. Bxd1 Bxd1 16. Rfxd1 Rfd8 17. Kf1 Rxd1+ 18. Rxd1 Rd8 19. Rxd8+ Nxd8 20. f4
Nc6 21. Bc3 h5 22. h3 g6 23. g4 hxg4 24. hxg4 Kf8 25. Kf2 Ne7 26. Ke2 Ke8 27.
Be1 Ng8 28. Kf2 Kd7 29. Kg3 Ne7 30. Kf2 Ke6 31. Ke2 Nd5 32. Kd2 Ne7 33. Bh4 Nc6
34. Kc3 Kd5 35. Bg5 a6 36. Bh4 b5 37. Bg5 Nb4 38. a4 Nd3 39. axb5 axb5 40. Bh4
Ke6 41. Bg3 Nb4 42. Kd2 Nc6 43. Bh4 Kd5 44. Kc3 Nb4 45. Be7 Nd3 46. Bh4 b4+ 47.
Kc2 c4 48. Bg3 c3 49. Bh4 Ke6 50. Bg3 Nc5 51. Bh4 Nb7 52. Bg5 Nc5 53. Bh4 Nd3
54. Bg3 g5 55. f5+ Kd7 56. Kd1 Nc5 57. Kc2 Nd3 58. Kd1 Ke8 59. Kc2 Ke7 60. Kd1
Kd7 61. Kc2 Nc5 62. Bh2 Na6 63. Bg3 Nc5 64. Bh2 Nb7 65. Bg3 Nd8 66. Bh2 Nc6 67.
Bg3 Ne7 68. Bh2 Ng8 69. Kc1 Nh6 70. e6+ fxe6 71. f6 Nxg4 72. f7 Ke7 73. Bd6+
Kxf7 74. Bxb4 Nxe3 75. Bxc3 Nd5 76. Bd4 Kg6 77. Bc5 Kf5 78. b4 Kf4 79. Kd2 e3+
80. Ke1 Nc3 81. Bd4 Nb5 82. Bc5 Kf3 83. Be7 g4 0-1

[Event "World Youth U16 Olympiad"]
[Site "Gyor HUN"]
[Date "2014.12.14"]
[Round "3.1"]
[Board "4"]
[White "Kumaran, B"]
[Black "Lorparizangeneh, Shahin"]
[Result "1/2-1/2"]
[BlackTitle "FM"]
[WhiteElo "2316"]
[BlackElo "2340"]
[WhiteTeam "India"]
[BlackTeam "Iran"]
[WhiteFideId "5038472"]
[BlackFideId "12521604"]
[EventDate "2014.12.13"]

1. b3 e5 2. Bb2 Nc6 3. e3 Nf6 4. Bb5 Bd6 5. Ne2 O-O 6. O-O Re8 7. Ng3 a6 8. Bxc6
dxc6 9. d3 e4 10. dxe4 Nxe4 11. Qd4 Nf6 12. Na3 c5 13. Qh4 Ng4 14. Qxd8 Rxd8 15.
Nc4 Bxg3 16. hxg3 Be6 17. Ne5 Rd2 18. Rac1 Nxe5 19. Bxe5 c6 20. Bc3 Rd7 21. Ba5
c4 22. Rcd1 Rd5 23. Bc7 Rc8 24. e4 Rxd1 25. Rxd1 f5 26. exf5 Bxf5 27. Rd8+ Rxd8
28. Bxd8 c3 29. Ba5 Bxc2 30. Bxc3 Kf7 31. f3 c5 32. Kf2 b5 33. b4 cxb4 34. Bxb4
Bd3 35. Bc3 g6 36. Ke3 Bf1 37. g4 Bxg2 38. g5 Ke6 39. f4 Kd5 40. Kd2 Kc4 41. Kc2
b4 42. Be5 a5 43. Kb2 a4 44. a3 b3 45. Bb8 Kd5 46. Bc7 Ke6 47. Bb8 Kf5 48. Bc7
Kg4 49. Bb8 Kh5 50. Bc7 h6 51. gxh6 Kxh6 52. Bb8 g5 53. fxg5+ 1/2-1/2

[Event "World Youth U16 Olympiad"]
[Site "Gyor HUN"]
[Date "2014.12.14"]
[Round "3.2"]
[Board "1"]
[White "Vetoshko, Volodymyr"]
[Black "Nigmatov, Ortik"]
[Result "1-0"]
[WhiteTitle "IM"]
[WhiteElo "2424"]
[BlackElo "2236"]
[WhiteTeam "Ukraine"]
[BlackTeam "Uzbekistan"]
[WhiteFideId "14122480"]
[BlackFideId "14202131"]
[EventDate "2014.12.13"]

1. e4 c5 2. Nf3 e6 3. d4 cxd4 4. Nxd4 Nf6 5. Nc3 d6 6. Be2 Be7 7. O-O O-O 8. f4
a6 9. Kh1 Qc7 10. Qe1 Nc6 11. Be3 Bd7 12. Qg3 Rac8 13. Rae1 b5 14. a3 Nxd4 15.
Bxd4 Bc6 16. Bd3 Nh5 17. Qh3 g6 18. f5 e5 19. Be3 Bf6 20. Be2 Nf4 21. Bxf4 exf4
22. Rxf4 g5 23. Rff1 Kg7 24. Bd3 Rfe8 25. Ne2 Re5 26. Ng3 Qe7 27. Nh5+ Kh8 28.
Qg3 Re8 29. Qf2 Rb8 30. Nxf6 Qxf6 31. Qa7 Ra8 32. Qb6 Bd7 33. b4 Qe7 34. Rd1 f6
35. c4 Be8 36. Be2 Rd8 37. c5 d5 38. Qxa6 Rxe4 39. Bxb5 Bh5 40. Rc1 Qe5 41. Qb6
Qe7 42. c6 Rh4 43. Qxd8+ Qxd8 44. c7 Qd6 45. c8=Q+ Kg7 46. Qc7+ 1-0

[Event "World Youth U16 Olympiad"]
[Site "Gyor HUN"]
[Date "2014.12.14"]
[Round "3.2"]
[Board "2"]
[White "Yakubboev, Nodirbek"]
[Black "Vorontsov, Pavlo"]
[Result "1/2-1/2"]
[BlackTitle "FM"]
[WhiteElo "2144"]
[BlackElo "2374"]
[WhiteTeam "Uzbekistan"]
[BlackTeam "Ukraine"]
[WhiteFideId "14203987"]
[BlackFideId "14116367"]
[EventDate "2014.12.13"]

1. d4 Nf6 2. Nf3 g6 3. Bg5 Bg7 4. Nbd2 O-O 5. e4 d5 6. exd5 Nxd5 7. c3 c5 8.
dxc5 Qc7 9. Bc4 Rd8 10. O-O Qxc5 11. Qb3 Bf5 12. Bxd5 Qxd5 13. Bxe7 Rd7 14. Qxd5
Rxd5 15. Rfe1 Nc6 16. Bg5 b5 17. a3 h6 18. Be3 g5 19. Nb3 Bg6 20. h3 Rc8 21.
Rac1 a5 22. Nbd4 Nb8 23. Red1 Na6 24. Ne2 Rcd8 25. Rxd5 Rxd5 26. Ned4 Kh7 27.
Nc6 b4 28. axb4 axb4 29. Ne7 Rd6 30. Nxg6 Kxg6 31. Bd4 bxc3 32. bxc3 Bxd4 33.
cxd4 f6 34. Rc4 Nb8 35. Kf1 Nc6 36. Ke2 h5 37. Ke3 Ne7 38. g3 Ra6 39. Rc5 Ra3+
40. Ke2 Ra2+ 41. Kf1 Ra1+ 42. Kg2 Rd1 43. Rc7 Nd5 44. Rd7 Nb4 45. Rd6 Kf7 46.
Rd7+ Kg6 47. Rb7 Nd3 48. Re7 Kf5 49. Rh7 Rb1 50. Rxh5 Rb2 51. Nh2 Nxf2 52. Kf3
Nd1 53. Ng4 Rb3+ 54. Kg2 Nc3 55. Rh6 Ne4 56. Kh2 Rb2+ 57. Kg1 Rb3 58. Kh2 Ke6
59. d5+ Kf5 60. d6 Rd3 61. d7 Rd2+ 62. Kg1 Rxd7 63. Ne3+ Ke6 64. h4 Rd3 65. Nf1
Kf5 66. hxg5 fxg5 67. Rc6 Kg4 68. Rc4 Kf5 1/2-1/2

[Event "World Youth U16 Olympiad"]
[Site "Gyor HUN"]
[Date "2014.12.14"]
[Round "3.2"]
[Board "3"]
[White "Matviishen, Viktor"]
[Black "Abdusattorova, Bakhora"]
[Result "0-1"]
[WhiteTitle "FM"]
[BlackTitle "WFM"]
[WhiteElo "2383"]
[BlackElo "2216"]
[WhiteTeam "Ukraine"]
[BlackTeam "Uzbekistan"]
[WhiteFideId "14129850"]
[BlackFideId "14204126"]
[EventDate "2014.12.13"]

1. d4 Nf6 2. c4 e6 3. Nf3 d5 4. cxd5 exd5 5. Nc3 Be7 6. Bg5 O-O 7. e3 c6 8. Qc2
Nbd7 9. Bd3 Re8 10. O-O h6 11. Bh4 Ne4 12. Bxe7 Qxe7 13. Bxe4 dxe4 14. Nd2 Nf6
15. Rab1 Bf5 16. Rfc1 Rad8 17. b4 h5 18. b5 c5 19. dxc5 Qxc5 20. Ne2 Qe7 21. Nb3
Qe5 22. Nbd4 Ng4 23. Qc7 Rd6 24. g3 Bc8 25. Nf4 Qf6 26. h4 g6 27. Rd1 Ne5 28.
Nde2 Red8 29. Rxd6 Qxd6 30. Qxd6 Rxd6 31. Nc3 Bf5 32. Ncd5 Kg7 33. Rb4 Nd3 34.
Rd4 Nxf4 35. Nxf4 Rd7 36. a4 Rc7 37. Rd1 0-1

[Event "World Youth U16 Olympiad"]
[Site "Gyor HUN"]
[Date "2014.12.14"]
[Round "3.2"]
[Board "4"]
[White "Abdusattorov, Nodirbek"]
[Black "Shtembuliak, Evgeny"]
[Result "1/2-1/2"]
[WhiteTitle "FM"]
[BlackTitle "FM"]
[WhiteElo "2186"]
[BlackElo "2257"]
[WhiteTeam "Uzbekistan"]
[BlackTeam "Ukraine"]
[WhiteFideId "14204118"]
[BlackFideId "14113325"]
[EventDate "2014.12.13"]

1. Nf3 Nf6 2. g3 b6 3. Bg2 Bb7 4. O-O e6 5. d4 c5 6. e3 Be7 7. c4 O-O 8. b3 cxd4
9. exd4 d5 10. Bb2 Nc6 11. Nbd2 Rc8 12. Qe2 dxc4 13. bxc4 Na5 14. Rac1 Ba6 15.
Rfe1 Bb4 16. a3 Bxd2 17. Nxd2 Ne8 18. d5 exd5 19. Bxd5 Nf6 20. Bxf6 Qxf6 21. Qe7
Qd4 22. Qxa7 Bxc4 23. Nxc4 Nxc4 24. Qd7 Rcd8 25. Rxc4 Qxd5 26. Qxd5 Rxd5 27. Rb4
Ra5 28. Re3 Ra6 29. Reb3 Rb8 30. a4 g6 31. Rc4 Rd8 32. Kg2 Rd6 33. Kf3 Ra5 34.
Ke3 Kg7 35. h4 h5 36. Rbb4 Re6+ 37. Re4 Rc6 38. Kd3 Rf5 39. Rf4 Ra5 40. Rfd4 Rf6
41. f4 Rc6 42. Rdc4 Re6 43. Re4 Rc6 44. Re5 Ra7 45. Ree4 Kf6 46. Rec4 Re6 47.
Rd4 Rae7 48. Re4 Rxe4 49. Rxe4 Rxe4 50. Kxe4 Ke6 51. Kd4 Kd6 52. Kc4 Kc6 53. Kb4
Kc7 54. Kc3 1/2-1/2

[Event "World Youth U16 Olympiad"]
[Site "Gyor HUN"]
[Date "2014.12.14"]
[Round "3.3"]
[Board "1"]
[White "Szostko, Jakub"]
[Black "Gledura, Benjamin"]
[Result "0-1"]
[BlackTitle "IM"]
[WhiteElo "2168"]
[BlackElo "2450"]
[WhiteTeam "Poland 2"]
[BlackTeam "Hungary 1"]
[WhiteFideId "1174282"]
[BlackFideId "712779"]
[EventDate "2014.12.13"]

1. e4 c6 2. d4 d5 3. exd5 cxd5 4. c4 Nf6 5. Nc3 e6 6. Nf3 Bb4 7. Bd3 O-O 8. O-O
dxc4 9. Bxc4 b6 10. Qb3 Bxc3 11. bxc3 Nc6 12. Bb5 Bd7 13. Bg5 Na5 14. Qa4 Bxb5
15. Qxb5 Qd5 16. Qd3 Qe4 17. Qb5 Qd5 18. Qd3 Ne4 19. Bd2 Nc4 20. Rfe1 Ned6 21.
Ne5 Rac8 22. Nxc4 Nxc4 23. Re2 Rfd8 24. Be1 Nd6 25. Re5 Qc4 26. Qxc4 Nxc4 27.
Re2 Rd5 28. Kf1 Kf8 29. Rc2 Ke7 30. Ke2 Kd7 31. Rd1 b5 32. f3 Nb6 33. Kd3 Rd6
34. Rb1 a6 35. Bd2 Rdc6 36. Rcc1 Rc4 37. g4 Nd5 38. h4 Ra4 39. Rc2 Rac4 40. Rcc1
g6 41. Rb2 h5 42. gxh5 gxh5 43. Rg1 Nxc3 44. Rg5 Na4 45. Rb4 Rc2 46. Rxh5 Nb2+
47. Rxb2 Rxb2 48. Rh7 Rxa2 49. Rxf7+ Kc6 50. h5 Rh8 51. h6 Rxd2+ 52. Kxd2 Rxh6
53. Kc3 a5 54. Rf8 Rh3 55. Rf7 Rh5 56. Rf8 Rf5 57. Rc8+ Kb7 58. Re8 Rxf3+ 59.
Kc2 Rf6 60. Kc3 Kc7 61. Ra8 Rf3+ 62. Kb2 a4 63. Ra6 Re3 64. Ka2 a3 0-1

[Event "World Youth U16 Olympiad"]
[Site "Gyor HUN"]
[Date "2014.12.14"]
[Round "3.3"]
[Board "2"]
[White "Korpa, Bence"]
[Black "Snihur, Piotr"]
[Result "1/2-1/2"]
[WhiteTitle "IM"]
[WhiteElo "2415"]
[BlackElo "2161"]
[WhiteTeam "Hungary 1"]
[BlackTeam "Poland 2"]
[WhiteFideId "706671"]
[BlackFideId "1157191"]
[EventDate "2014.12.13"]

1. c4 e6 2. Nf3 Nf6 3. g3 d5 4. Bg2 Be7 5. O-O O-O 6. b3 d4 7. e3 c5 8. exd4
cxd4 9. Bb2 Nc6 10. Re1 Re8 11. d3 Bf8 12. Ne5 Nxe5 13. Rxe5 Bd6 14. Re1 e5 15.
Ba3 a5 16. Qd2 Qe7 17. Bxd6 Qxd6 18. Qc2 Re7 19. c5 Qc7 20. Na3 Bd7 21. Rac1 Bc6
22. Bxc6 Qxc6 23. Qc4 Re6 24. h3 Qf3 25. Qc2 Nd5 26. Qe2 Qxe2 27. Rxe2 Nc3 28.
Rec2 Rc8 29. Nb1 Rxc5 30. Nxc3 Rec6 31. Re1 f6 32. f4 exf4 33. gxf4 Rxc3 34. Rd2
Rc2 35. Rxc2 Rxc2 36. Re4 Rxa2 37. Rxd4 b5 38. Rd5 b4 39. Rb5 g6 40. d4 Kf7 41.
h4 Ke6 42. Kf1 Rd2 43. Rxa5 Rxd4 44. f5+ gxf5 45. h5 Rd3 46. Ra7 h6 47. Rh7 Rxb3
48. Rxh6 f4 49. Rh7 Kf5 50. Rb7 Kg5 51. Rb5+ f5 52. h6 Rh3 53. Rxb4 Rxh6 54. Rb3
Kg4 55. Kf2 Rh2+ 56. Kf1 Ra2 57. Rc3 Rh2 58. Ra3 Rh3 59. Ra2 Rb3 60. Rg2+ Rg3
61. Ra2 Rf3+ 62. Kg2 Rb3 63. Kf2 Rh3 64. Kf1 f3 65. Ra8 Rh1+ 66. Kf2 Rh2+ 67.
Kf1 Rb2 68. Rg8+ Kf4 69. Ra8 Kg3 70. Rg8+ Kf4 71. Ra8 Rb4 72. Kf2 Re4 73. Rb8
Re2+ 74. Kf1 Ra2 75. Rc8 f2 76. Rc3 Kg4 77. Rb3 f4 78. Rc3 Rd2 79. Ra3 Kf5 80.
Rb3 Ke4 81. Ra3 Rd3 1/2-1/2

[Event "World Youth U16 Olympiad"]
[Site "Gyor HUN"]
[Date "2014.12.14"]
[Round "3.3"]
[Board "3"]
[White "Kosakowski, Jakub"]
[Black "Kantor, Gergely"]
[Result "0-1"]
[BlackTitle "IM"]
[WhiteElo "2106"]
[BlackElo "2385"]
[WhiteTeam "Poland 2"]
[BlackTeam "Hungary 1"]
[WhiteFideId "1185080"]
[BlackFideId "751499"]
[EventDate "2014.12.13"]

1. e4 e5 2. Nf3 Nc6 3. Bb5 a6 4. Ba4 Nf6 5. O-O b5 6. Bb3 Bc5 7. c3 d6 8. d4 Bb6
9. a4 Bg4 10. Bg5 Rb8 11. axb5 axb5 12. Bd5 Ne7 13. dxe5 Nfxd5 14. exd6 Qxd6 15.
exd5 f6 16. Bh4 Qxd5 17. Qxd5 Nxd5 18. Nbd2 Kf7 19. h3 Bf5 20. Bg3 Ra8 21. Rfd1
Rhd8 22. Nd4 Rxa1 23. Rxa1 Bd3 24. Nc6 Re8 25. Nf3 Re2 26. Ra8 Be4 27. Rd8 Rxb2
28. Rd7+ Ke6 29. Rxg7 Bxf3 30. Nd8+ Kf5 31. gxf3 Nxc3 32. Nf7 Ne2+ 33. Kf1 Nxg3+
34. fxg3 b4 35. Rg4 b3 36. Rb4 Rf2+ 37. Ke1 Ba5 0-1

[Event "World Youth U16 Olympiad"]
[Site "Gyor HUN"]
[Date "2014.12.14"]
[Round "3.3"]
[Board "4"]
[White "Antal, Tibor Kende"]
[Black "Dadello, Aleksandra"]
[Result "1-0"]
[WhiteTitle "FM"]
[WhiteElo "2292"]
[BlackElo "2009"]
[WhiteTeam "Hungary 1"]
[BlackTeam "Poland 2"]
[WhiteFideId "738581"]
[BlackFideId "1177362"]
[EventDate "2014.12.13"]

1. Nf3 d5 2. g3 c5 3. Bg2 Nf6 4. O-O Nc6 5. d4 e6 6. c4 Be7 7. cxd5 exd5 8. Nc3
O-O 9. Bg5 c4 10. Ne5 Nxe5 11. dxe5 Ng4 12. Bxe7 Qxe7 13. Qxd5 Nxe5 14. Rad1 Rb8
15. Qe4 f5 16. Qe3 b6 17. Bd5+ Kh8 18. f4 Ng6 19. Qxe7 Nxe7 20. Bxc4 Bb7 21. Rd7
Ng8 22. Bxg8 Kxg8 23. Rfd1 Rfe8 24. Rc7 Bc8 25. Rxa7 b5 26. Kf2 b4 27. Nd5 Be6
28. Rd4 Red8 29. Ne7+ Kf8 30. Nc6 Rxd4 31. Nxd4 Bc4 32. b3 Rd8 33. Nc6 1-0

[Event "World Youth U16 Olympiad"]
[Site "Gyor HUN"]
[Date "2014.12.14"]
[Round "3.4"]
[Board "1"]
[White "Havasi, Gergo"]
[Black "Paravyan, David"]
[Result "1/2-1/2"]
[BlackTitle "IM"]
[WhiteElo "2353"]
[BlackElo "2437"]
[WhiteTeam "Hungary 2"]
[BlackTeam "Russia"]
[WhiteFideId "760293"]
[BlackFideId "4194985"]
[EventDate "2014.12.13"]

1. e4 e5 2. Nf3 Nc6 3. Bb5 Nf6 4. O-O Nxe4 5. Re1 Nd6 6. Nxe5 Be7 7. Bf1 Nf5 8.
c3 Nxe5 9. Rxe5 d6 10. Re1 O-O 11. d4 d5 12. Nd2 Bd6 13. Nf3 Ne7 14. Bd3 Bf5 15.
Bg5 f6 16. Bh4 Qd7 17. Bg3 Bxg3 18. hxg3 Rae8 19. Bf1 Be6 20. Qb3 c6 21. Re2 Nc8
22. Rae1 Nd6 23. Qa4 b6 24. Re3 Nf5 25. R3e2 Nd6 26. Nd2 Bf7 27. Re3 Rxe3 28.
Rxe3 Re8 29. Rxe8+ Bxe8 30. Bd3 Bg6 31. Bxg6 hxg6 32. Nf1 Kh7 33. Ne3 Nc4 34.
Nxc4 b5 35. Nb6 axb6 36. Qc2 Qe7 37. Qd2 Qe4 38. a3 Kg8 39. f3 Qb1+ 40. Kf2 Kf7
41. g4 g5 42. Ke3 Ke7 43. Kf2 Kd7 44. Ke3 Kc7 45. Kf2 Kd6 46. Kg3 Kd7 47. Kf2 g6
48. Kg3 Ke6 49. Kh2 Qf1 50. Qe3+ Kf7 1/2-1/2

[Event "World Youth U16 Olympiad"]
[Site "Gyor HUN"]
[Date "2014.12.14"]
[Round "3.4"]
[Board "2"]
[White "Goryachkina, Aleksandra"]
[Black "Kozak, Adam"]
[Result "1/2-1/2"]
[WhiteTitle "WGM"]
[BlackTitle "FM"]
[WhiteElo "2441"]
[BlackElo "2307"]
[WhiteTeam "Russia"]
[BlackTeam "Hungary 2"]
[WhiteFideId "4147103"]
[BlackFideId "753246"]
[EventDate "2014.12.13"]

1. d4 d5 2. c4 e6 3. Nf3 Nf6 4. g3 c6 5. Nbd2 Nbd7 6. Bg2 Be7 7. O-O O-O 8. Qc2
b5 9. c5 Qc7 10. e4 e5 11. b4 a5 12. dxe5 Nxe4 13. Nxe4 dxe4 14. Qxe4 axb4 15.
Ng5 Bxg5 16. Bxg5 Qxe5 17. Qxe5 Nxe5 18. Bf4 f6 19. Bxe5 fxe5 20. Bxc6 Ra3 21.
Bxb5 Be6 22. c6 Rc8 23. Rfb1 Rxa2 24. Rxa2 Bxa2 25. Rxb4 Bd5 26. Bc4 Bxc4 27.
Rxc4 Kf7 28. Kg2 Ke6 29. c7 Kd6 30. Rh4 h6 31. Rc4 Rxc7 32. Rxc7 Kxc7 33. Kf3
Kd6 34. Ke4 Ke6 35. g4 g6 36. h3 Kd6 37. h4 Ke6 38. h5 gxh5 39. gxh5 Kf6 40. f4 1/2-1/2